| 000 | 01256nam a22002417a 4500 | ||
|---|---|---|---|
| 999 |
_c57180 _d57180 |
||
| 003 | Ge_BSU | ||
| 005 | 20201019141519.0 | ||
| 008 | 191224s2009 ge ||||| |||| 00| 0 geo d | ||
| 020 | _a9789994098545 | ||
| 041 | _ageo | ||
| 080 | _a 340.1(075.8) + 321.01(075.8) ი-36 | ||
| 100 |
_aივანოვი, ა.ა. _93264 |
||
| 245 |
_aსახელმწიფოსა და სამართლის თეორია : _b[უმაღლ. სასწ. დაწეს. სტუდ.] / _c ა.ა. ივანოვი, ნ. დარბაიძე ; [რედ.: ნოდარ ერიაშვილი (მთ. რედ.), სერგო ბარამიძე]. |
||
| 264 |
_aთბილისი : _bსამართლიანი საქართველო, _c2009. |
||
| 300 |
_a190 გვ. ; _b21 სმ. |
||
| 490 | _aგამოცდა | ||
| 504 | _aბიბლიოგრ.: გვ. 181-183. | ||
| 653 | _aსახელმწიფოს თეორია | ||
| 653 | _aსამართლის თეორია | ||
| 700 |
_aდარბაიძე, ნ. _eავტორი _95933 |
||
| 700 |
_aბარამიძე, სერგო _eრედაქტორი _95934 |
||
| 942 |
_2udc _cBK |
||